| 000 | 00000nam##2200000za#4500 |
| 001 | 9.572330 |
| 003 | CaOODSP |
| 005 | 20210624183151 |
| 007 | cr ||||||||||| |
| 008 | 150406|1998||||xxc|||||o f|0| 0 eng|d |
| 040 | |aCaOODSP|beng |
| 043 | |an-cn--- |
| 086 | 1 |aF21-6/1998-9E-PDF |
| 110 | 1 |aCanada.|bDepartment of Finance.|bTask Force on the Future of the Canadian Financial Services Sector. |
| 245 | 10|aFinancing entrepreneurial firms : |h[electronic resource]|blegal and regulatory issues / |cby Allan L. Riding. |
| 260 | |aOttawa - Ontario : |bFinance Canada. |cSeptember 1998. |
| 300 | |a152p.|bgraphs, references, tables |
| 490 | 1 |aResearch paper prepared for the Task Force on the Future of the Canadian Financial Services Sector |
| 500 | |aIncorrect catalogue number (BT22-61/3-1998E-9) copied in this PDF edition. The ISBN (0-662-27148-3) for the print edition has been incorrectly copied in this electronic publication. |
| 504 | |aBibliography. |
| 590 | |a11-30-Supp|b2011-12-02 |
| 690 | 07|aFinancial institutions|2gcpds |
| 720 | 1 |aRiding, Allan |
| 775 | 08|tFinancement des entreprises de pointe : |w(CaOODSP)9.602707 |
| 776 | 0#|tFinancing entrepreneurial firms : |w(CaOODSP)9.614537 |
| 830 | #0|aResearch paper prepared for the Task Force on the Future of the Canadian Financial Services Sector.|w(CaOODSP)9.506754 |
| 856 | 40|ahttp://publications.gc.ca|qPDF|s621 KB|uhttps://publications.gc.ca/collections/Collection/F21-6-1998-9E.pdf |